ठहरा हुआ पल / (Record no. 116704)

MARC details
000 -LEADER
fixed length control field 01126nam a22002777a 4500
003 - CONTROL NUMBER IDENTIFIER
control field dpl
005 - DATE AND TIME OF LATEST TRANSACTION
control field 20180915131007.0
008 - FIXED-LENGTH DATA ELEMENTS--GENERAL INFORMATION
fixed length control field 180915b xxu||||| |||| 00| 0 eng d
010 ## - LIBRARY OF CONGRESS CONTROL NUMBER
LC control number B-049096
020 ## - INTERNATIONAL STANDARD BOOK NUMBER
International Standard Book Number 300.00
035 ## - SYSTEM CONTROL NUMBER
System control number B-049096, B-049106
037 ## - SOURCE OF ACQUISITION
Source of stock number/acquisition Cen Lib/Ret
040 ## - CATALOGING SOURCE
Original cataloging agency DPL
Language of cataloging HN
Transcribing agency 0
082 ## - DEWEY DECIMAL CLASSIFICATION NUMBER
Classification number
Item number मिश्ररा
100 ## - MAIN ENTRY--PERSONAL NAME
Personal name मिश्र, राजेंद्र
9 (RLIN) 67853
245 ## - TITLE STATEMENT
Title ठहरा हुआ पल /
Statement of responsibility, etc राजेंद्र मिश्र
246 ## - VARYING FORM OF TITLE
Title proper/short title Thahra hua pal /
Remainder of title by Rajendra Mishr
260 ## - PUBLICATION, DISTRIBUTION, ETC. (IMPRINT)
Place of publication, distribution, etc दिल्ली
Name of publisher, distributor, etc अभिरुचि प्रकाशन
Date of publication, distribution, etc 2001
270 ## - ADDRESS
City दिल्ली
Address 3/114, कर्ण गली, विश्वास नगर, शाहदरा
Postal code 110032
300 ## - PHYSICAL DESCRIPTION
Extent 307पृ.
Dimensions 19सेमी (सजिल्द)
650 ## - SUBJECT ADDED ENTRY--TOPICAL TERM
Topical term or geographic name as entry element हिंदी साहित्य
9 (RLIN) 67854
650 ## - SUBJECT ADDED ENTRY--TOPICAL TERM
Topical term or geographic name as entry element हिंदी साहित्य
General subdivision उपन्यास
9 (RLIN) 42619
650 ## - SUBJECT ADDED ENTRY--TOPICAL TERM
Topical term or geographic name as entry element Hindi literature
9 (RLIN) 67855
650 ## - SUBJECT ADDED ENTRY--TOPICAL TERM
Topical term or geographic name as entry element Hindi literature
General subdivision fiction
9 (RLIN) 67856
942 ## - ADDED ENTRY ELEMENTS (KOHA)
Source of classification or shelving scheme Dewey Decimal Classification
Koha item type Hindi Books
Classification part
Call number suffix मिश्ररा
Holdings
Withdrawn status Lost status Damaged status Not for loan Home library Current library Date acquired Source of acquisition Cost, normal purchase price Total Checkouts Full call number Barcode Date last seen Date checked out Copy number Cost, replacement price Price effective from Koha item type Public note Source of classification or shelving scheme Collection code
Written off       Central Library Central Library 25/08/2015 Cen Lib/Ref 300.00 1 उ मिश्ररा B-049096 08/08/2019 22/07/2019 1 300.00 25/08/2015 Hindi Books Written off on approval by DLB (By Circulation); dtd 15-06-2023    
        Shahdara Branch Shahdara Branch 15/09/2018 BPPD/PUB 300.00   उ मिश्ररा B-049106 15/09/2018     300.00 15/09/2018 Hindi Books   Dewey Decimal Classification Fiction

© Delhi Public Library
Hit Counter
free hit counter